MYTH MITHYA DECODING HINDU MYTHOLOGY (Record no. 23863)

MARC details
000 -LEADER
fixed length control field 00354nam a2200133Ia 4500
008 - FIXED-LENGTH DATA ELEMENTS--GENERAL INFORMATION
fixed length control field 240624s9999 xx 000 0 und d
041 ## - LANGUAGE CODE
Language code of text/sound track or separate title eng
082 ## - DEWEY DECIMAL CLASSIFICATION NUMBER
Classification number 823 PAT
100 ## - MAIN ENTRY--PERSONAL NAME
Personal name PATTANAIK DEVDUTT
245 ## - TITLE STATEMENT
Title MYTH MITHYA DECODING HINDU MYTHOLOGY
260 ## - PUBLICATION, DISTRIBUTION, ETC.
Date of publication, distribution, etc. 2006
Place of publication, distribution, etc. New Delhi
Name of publisher, distributor, etc. Penguin India
300 ## - PHYSICAL DESCRIPTION
Extent xviii, : 227 : p. : cm. ; 19
365 ## - TRADE PRICE
Currency code RS
Price amount 25
Holdings
Withdrawn status Lost status Damaged status Not for loan Home library Current library Shelving location Date acquired Source of acquisition Cost, normal purchase price Total Checkouts Total Renewals Full call number Barcode Date due Date last seen Date last checked out Copy number Price effective from Koha item type
        IMTN IMTN Rack 38-B 11/13/2014 WBD 299.00 9 4 823 PAT 23863 01/19/2026 01/09/2026 01/09/2026 1 06/24/2024 Books
Designed & Maintained by: LRC IMT Nagpur Contact: lrc@imtnag.ac.in© 2024. All Rights Reserved.